00459 2200181 4500001002100000005001500021035002000036008004100056245006300097100001700160250000600177260003400183300001200217084001400229082000800243650001400251990001200265INLIS00000000000019920240502022637 a0010-0424000175240502 0 ind 1 aKunci Surga : Membongkar Kebohongan Ramalan /cIbnu Qayyim aQayyim, Ibnu a1 aSolo :bTiga Serangkai,c2009 a536 hlm a200 IBN k a200 4aNon Fiksi a0732455